La defensa penal /
Guardado en:
| Autor Principal: | |
|---|---|
| Formato: | Libro |
| Idioma: | Spanish |
| Publicado: |
Santa Fe :
Rubinzal - Culzoni,
1978.
|
| Edición: | 1a. ed. |
| Materias: | |
| Etiquetas: |
Agregar Etiqueta
Sin Etiquetas, Sea el primero en etiquetar este registro!
|
| LEADER | 00431nam a22001455a 4500 | ||
|---|---|---|---|
| 001 | DER.der013853 | ||
| 008 | 190611s1978####ag#||||||||||||||#||spa|| | ||
| 005 | 20250627124204.0 | ||
| 245 | 1 | 0 | |a La defensa penal / |c Jorge Vázquez Rossi. |
| 250 | |a 1a. ed. | ||
| 260 | |a Santa Fe : |b Rubinzal - Culzoni, |c 1978. | ||
| 300 | |a 210 p. | ||
| 100 | 1 | |a Vázquez Rossi, Jorge. | |
| 650 | 7 | |a DERECHO PROCESAL PENAL | |
| 859 | |a DERECHO |b BIB. DERECHO |h 345.05 |i VAZ |p 008939 | ||
